00313nam a2200109Ia 4500008004100000082001300041082000800054245009200062245002000154260002000174300000900194231017s9999 xx 000 0 und d a624.1521 bEDI 0aInvestigation of the DCP and SSG as Alternative Methods to Determine Subgrade Stability 0cTauncer B. Edil bTauncer B. Edil c30cm